Чверть століття на громадській ниві 1926-1951 (Запис № 315037)

МАРК-запис
000 -Лідер
fixed length control field 00657nam a22002417a 4500
003 - Ідентифікатор контрольного номера
control field UA-OsUOA
001 - Контрольний номер
control field 28667
007 - Фіксоване поле фізичного опису
fixed length control field ta
008 - Елементи даних фіксованої довжини – загальна інформація
fixed length control field 20050415b un ||||| |||| 00| 0 ukr d
090 ## - Локальний шифр розміщення
Класифікаційний індекс УДК 94(477)152
Авторський знак (НП) К57
040 ## - Джерело каталогізації
Агенція оригінальної каталогізації UA-OsUOA
Мова каталогізації ukr
Агенція, яка здійснювала перезапис UA-OsUOA
Агенція, яка здійснювала модифікацію UA-OsUOA
041 ## - Код мови
Код мови тексту/ звукової доріжки чи окремого заголовка (П) ukr
080 ## - Індекс Універсальної десяткової класифікації
Індекс Універсальної десяткової класифікації (УДК) (НП) 94(477)152
044 ## - Код країни видавця/ виробника
Код країни видавця/ виробника (П) CA
100 ## - Основне введення – ім’я особи
Ім’я особи (НП) Когуська Н. Л.
245 ## - Відомості про назву
Назва (НП) Чверть століття на громадській ниві 1926-1951
260 ## - Публікація, розповсюдження і т.п. (Вихідні дані)
Місце публікації, розповсюдження і т.п. (П) Вінніпег
Ім’я/ наймення видавництва, розповсюджувача і т.п. (П) Українська жіноча асоціація Канади
Дата публікації, розповсюдження і т.п. (П) 1952
300 ## - Фізичний опис
Обсяг 540 с.
650 #7 - Додаткове предметне введення – тематичний термін
Джерело заголовка чи терміна UDC
942 ## - Додаткові елементи входу (Коха)
Тип елемента Koha Книги
955 ## - Код типу видання за змістом
Код типу видання за змістом (НП) інше
Фонди
Стан вилучень Стан втрат Джерело класифікації або схеми стелажів Стан уражень Не для кредиту Постійне місце розташування Поточне розміщення Дата придбання Інвентарний номер Усього замовленно Повний номер виклику Штрих-код Дата останнього перегляду Ціна ефективна від Тип елемента Koha
    Universal Decimal Classification     ЧЗ - Читальна зала ЧЗ - Читальна зала 15/04/2005 80873   94(477)152 К57 80873 07/02/2022 15/04/2005 Книги